000 00440nmm a2200157Ia 4500
008 251105s9999||||xx |||||||||||||||||und||
020 _a9788416848324
041 _aspa
100 _aFernández Díaz, José
245 0 _aEl viaje de Enrique
264 _a[Madrid, España] :
_bExLibric,
_c2017
300 _a256 páginas
650 _aLatin American narrative
856 _uhttps://public.digitaliapublishing.com/a/85408
942 _cCF
999 _c78056
_d78056